Explorador le monde diplomatique : bolivia /

Guardado en:
Autor Principal: Oszust, Laura
Formato: Libro
Publicado: Buenos Aires : Capital Intelectual, 2016
Series:Cuarta Serie ; 5
Materias:
Etiquetas: Agregar Etiqueta
Sin Etiquetas, Sea el primero en etiquetar este registro!
LEADER 00942nam a22002295a 4500
001 CEM.cems014748
005 20161114162603.0
008 130507s2016##################000#0#####d
003 CEMS
020 |a 9789876145299 
082 0 4 |a 910.3 
100 1 |a Oszust, Laura 
245 1 0 |a Explorador le monde diplomatique :  |b bolivia /  |c Laura Oszust ... y Otros 
260 |a Buenos Aires :  |b Capital Intelectual,  |c 2016 
300 |a 88 p. 
490 0 |a Cuarta Serie ; 5 
505 0 |a Bolivia la inclusón conflictiva -- Introducción: una batalla ancestral -- Tiempos de tensión. Lo pasado -- El huracán Evo. Bolivia hacia adentro -- El norte en la región. Bolivia hacia afuera -- Imaginar desde la diversidad. Lo vivido, lo pensado, lo imaginado -- Un devenir impredecible. Lo que vendrá 
653 |a Economía 
653 |a Política 
653 |a Geografía 
653 |a Bolivia 
859 |a CEMS  |b BIB. CEMS - 11 de abril  |h 910.3  |i N191-17  |p 27335.16  |t Ej.1